<?xml version="1.0" encoding="UTF-8"?>
<record
    xmlns:xsi="http://www.w3.org/2001/XMLSchema-instance"
    xsi:schemaLocation="http://www.loc.gov/MARC21/slim http://www.loc.gov/standards/marcxml/schema/MARC21slim.xsd"
    xmlns="http://www.loc.gov/MARC21/slim">

  <leader>00918nam a2200205 a 4500</leader>
  <controlfield tag="001">BRCA_8856</controlfield>
  <controlfield tag="005">20190320210433.0</controlfield>
  <controlfield tag="008">160517s1785----sp-#######---#000-0#spa-#</controlfield>
  <datafield tag="041" ind1=" " ind2=" ">
    <subfield code="a">spa</subfield>
  </datafield>
  <datafield tag="044" ind1=" " ind2=" ">
    <subfield code="a">sp</subfield>
  </datafield>
  <datafield tag="084" ind1=" " ind2=" ">
    <subfield code="a">BE240</subfield>
    <subfield code="b">.D57 1785</subfield>
  </datafield>
  <datafield tag="245" ind1="1" ind2="0">
    <subfield code="a">El director que ense&#xF1;a la practica de las virtudes christianas</subfield>
    <subfield code="b">distribuidas por semanas seg&#xFA;n el orden de la iglesia: Para el uso de odas las personas que quieren trabajar en zelo en su perfecci&#xF3;n: Obra dedicada &#xE1; la Sagrada familia Jes&#xFA;s, Mar&#xED;a, y Joseph, y &#xE1; los &#xC1;ngeles Custodios: Traducida fielmente del Franc&#xE9;s al Castellano</subfield>
    <subfield code="c">por Don Placido Barco L&#xF3;pez.</subfield>
  </datafield>
  <datafield tag="260" ind1=" " ind2=" ">
    <subfield code="a">Madrid</subfield>
    <subfield code="c">1785</subfield>
  </datafield>
  <datafield tag="300" ind1=" " ind2=" ">
    <subfield code="a">[6], 256 p.</subfield>
    <subfield code="c">14.5 x 10.5 cm.</subfield>
  </datafield>
  <datafield tag="500" ind1=" " ind2=" ">
    <subfield code="a">Con las licencias necesarias</subfield>
  </datafield>
  <datafield tag="500" ind1=" " ind2=" ">
    <subfield code="a">Estado f&#xED;sico: presenta encuadernaci&#xF3;n en pergamino deteriorado y con hojas manchadas</subfield>
  </datafield>
  <datafield tag="650" ind1="1" ind2="4">
    <subfield code="a">Cristianismo</subfield>
    <subfield code="9">15572</subfield>
  </datafield>
  <datafield tag="902" ind1=" " ind2=" ">
    <subfield code="a">CFM</subfield>
  </datafield>
  <datafield tag="942" ind1=" " ind2=" ">
    <subfield code="2">lcc</subfield>
    <subfield code="c">B</subfield>
  </datafield>
  <datafield tag="999" ind1=" " ind2=" ">
    <subfield code="c">8507</subfield>
    <subfield code="d">8507</subfield>
  </datafield>
  <datafield tag="952" ind1=" " ind2=" ">
    <subfield code="0">0</subfield>
    <subfield code="1">0</subfield>
    <subfield code="4">0</subfield>
    <subfield code="7">0</subfield>
    <subfield code="a">BRCA</subfield>
    <subfield code="b">BRCA</subfield>
    <subfield code="d">2017-05-16</subfield>
    <subfield code="l">0</subfield>
    <subfield code="o">BE240 .D57 1785</subfield>
    <subfield code="p">CFM00184</subfield>
    <subfield code="r">2019-03-22 00:00:00</subfield>
    <subfield code="w">2019-03-22</subfield>
    <subfield code="y">B</subfield>
  </datafield>
</record>
